|
|
|
|
| LEADER |
00774nam a2200229 a 4500 |
| 001 |
000397791 |
| 003 |
CZ BrMZK |
| 005 |
19980105143423.0 |
| 007 |
ta |
| 008 |
980105s1986 ru f rus d |
| 040 |
|
|
|a BOA001
|b cze
|
| 080 |
|
|
|a 53.01
|2 MRF
|
| 080 |
|
|
|a 113
|2 MRF
|
| 100 |
1 |
|
|a Prigogine, Ilya,
|d 1917-2003
|7 jn19981002038
|4 aut
|
| 245 |
1 |
0 |
|a Porjadok iz chaosa :
|b novyj dialog čeloveka s prirodoj /
|c Il'ja Prigožin, Izabella Stengers.
|
| 260 |
|
|
|a Moskva :
|b Progress,
|c 1986
|
| 300 |
|
|
|a 431 s.
|
| 700 |
1 |
|
|a Stengers, Isabelle,
|d 1949-
|7 xx0000381
|4 aut
|
| 765 |
0 |
|
|t Order out of chaos. Man's new dialogue with nature
|
| 910 |
|
|
|a BOA001
|b 2-0915.235
|
| 990 |
|
|
|a BK
|
| 996 |
7 |
|
|b 2619753372
|c 2-0915.235
|l MZK
|r Sklad / do 1 hodiny
|n 3
|w 000397791
|u 000010
|a 1
|e BOA001
|j MZK50
|s A
|